Online
Catalog
Normal view MARC view

Entry Nombre personal

Number of records used in: 43

001 - NÚMERO DE CONTROL

  • campo de control: 12031

003 - IDENTIFICADOR DEL NÚMERO DE CONTROL

  • campo de control: BNPHU

005 - FECHA Y HORA DE LA ÚLTIMA TRANSACCIÓN

  • campo de control: 20240305141119.0

008 - DATOS DE LONGITUD FIJA

  • campo de control de longitud fija: 200615|| aca||aabn | a|a d

040 ## - FUENTE DE LA CATALOGACIÓN

  • Centro catalogador/agencia de origen: DO-SdBNP
  • Lengua de catalogación: spa
  • Centro/agencia transcriptor: BNPHU
  • Normas de descripción: rda

100 1# - ENCABEZAMIENTO-NOMBRE DE PERSONA

  • Nombre de persona: Batista, León Félix,
  • Fechas asociadas al nombre: 1964-

370 ## - LUGAR ASOCIADO

  • Lugar de nacimiento: Santo Domingo, República Dominicana

375 ## - GÉNERO/SEXO

  • Género/Sexo: Masculino

377 ## - LENGUA/LENGUAJE ASOCIADO

  • Código del idioma: spa

400 1# - TRAZADO DE VÉASE--NOMBRE DE PERSONA

  • Nombre de persona: Félix Batista, Juan
  • Fechas asociadas al nombre: 1964-

400 1# - TRAZADO DE VÉASE--NOMBRE DE PERSONA

  • Nombre de persona: Batista, Juan F.,
  • Fechas asociadas al nombre: 1964-

670 ## - FUENTE DE DATOS ENCONTRADOS

  • Cita de la fuente: Work cat.: (OSt)3843: Batista, León Félix, 1964-, Prosa del que está en la esfera /, 2007.

670 ## - FUENTE DE DATOS ENCONTRADOS

  • Cita de la fuente: El oscuro semejante, 1989
  • Información encontrada: (León Félix Batista) p. 4

670 ## - FUENTE DE DATOS ENCONTRADOS

  • Cita de la fuente: Próximo pasado, 2018

Powered by Koha